| 000 | 00000nam##2200000za#4500 |
| 001 | 9.643120 |
| 003 | CaOODSP |
| 005 | 20210624224024 |
| 007 | cr ||||||||||| |
| 008 | 150407|2002||||xxc|||||o f|0| 0 fre|d |
| 040 | |aCaOODSP|bfre |
| 043 | |an-cn--- |
| 086 | 1 |aEn14-168/2002F-PDF |
| 110 | 1 |aCanada. |bEnvironnement Canada. |
| 245 | 10|aRéponse aux commentaires reçus au sujet du projet de Règlement sur la teneur en soufre du carburant diesel routier publié le 20 décembre 2001 dans la Partie I de la Gazette du Canada |h[ressource électronique] |
| 260 | |aOttawa - Ontario : |bEnvironnement Canada |cJuillet 2002. |
| 300 | |a25p.|bcartes |
| 590 | |a14-21-Supp|b2014-12-11 |
| 691 | 07|aCarburant diesel|2gcpds |
| 691 | 07|aDroit de l'environnement|2gcpds |
| 775 | 08|tReply to comments on submissions received on the proposed Sulphur in Diesel Fuel Regulations published on December 20, 2001 in Part I of Canada Gazette |w(CaOODSP)9.699085 |
| 856 | 40|ahttp://publications.gc.ca|qPDF|s1.75 Mo|uhttps://publications.gc.ca/collections/collection_2014/ec/En14-168-2002-fra.pdf |